000 00435cam a2200181ua 4500
020 _cRs 2.00
041 _aeng
_h
082 _a320.58
_bGAN/TO
100 _aGandhi, M K.
245 _aTo students /
_cM K Gandhi.
_hTextual Documents
260 _aAhmadabad :
_bNavajivan publishing house ,
_c1959.
300 _a159 ; .
365 _aRs 2.00
504 _a
650 _aGandhiana
942 _cBK
999 _c1063
_d1063